| 000 | 01770cam a2200361 i 4500 | ||
|---|---|---|---|
| 001 | 5677911 | ||
| 003 | AUA.1 | ||
| 005 | 20240307144947.0 | ||
| 008 | 791016m19811985caua b 001 0 eng | ||
| 010 | _a79026548 //r863 | ||
| 020 | _a0816303908 (pbk. : v. 1) | ||
| 020 | _a0816306117 (pbk. : v. 2) | ||
| 035 | _a.b12101096 | ||
| 040 |
_aDLC _cDLC _dm.c. _dEXN |
||
| 049 |
_aEXNv [2 v.] _c1 |
||
| 050 |
_aBS1555.3 _b.M39 |
||
| 082 | _a224/.5/06 | ||
| 100 | 1 |
_aMaxwell, C. Mervyn, _d1925-1999. |
|
| 245 | 1 | 0 |
_aGod cares / _cC. Mervyn Maxwell ; [spot drawings by James Converse] |
| 260 |
_aMountain View, Calif. : _bPacific Press Pub. Association, _cc1981-c1985. |
||
| 300 |
_a2 v. : _bill. (some col.) ; _c25 cm. |
||
| 500 | _aIncludes indexes. | ||
| 500 | _aCAR volume 1 pagination: copy 4 and 5 has 318 pages (earlier printing); copy 1, 2, 3, and 6 has 331 pages. Volume 2 has 573 pages. | ||
| 500 | _aPrinting information for CAR copies, volume 1: copy 3, 4, and 5 has no printing information; copy 1 and 2 4th printing 1986; copy 6 2nd printing 1984. | ||
| 500 | _aCAR volume 2 printing information: copy 1 and 4 1st printing 1985; copy 2 and 3 no information. | ||
| 500 | _aCAR volume 1 copy 3 jointly published by Pacific Press and Review and Herald though title page says Pacific Press. | ||
| 500 | _aCAR volume 2 copy 2 and 3 jointly published by Pacific Press and Review and Herald though title page says Pacific Press. | ||
| 504 | _aIncludes bibliographies. | ||
| 505 | 0 | 0 |
_gv. 1. _tMessage of Daniel for you and your family -- _gv. 2. _tMessage of Revelation for you and your family. |
| 630 | 0 | 0 |
_aBible. _pDaniel _xCommentaries. |
| 630 | 0 | 0 |
_aBible. _pRevelation _xCommentaries. |
| 942 |
_2lcc _cREF _hBS 1555.3 _i.M39 1985 |
||
| 999 |
_c14975 _d14975 |
||